|
|
|
|
| LEADER |
00000nam a2200000 a 4500 |
| 001 |
vtls010631764 |
| 003 |
SK-MaSNL |
| 005 |
20260301035042.0 |
| 008 |
250314s1965 xo 2 000 0 slo |
| 015 |
|
|
|a SNBA1963
|
| 035 |
|
|
|a 9FB73BD7-60A1-4AB3-ABB9-58DE127F1881
|
| 035 |
|
|
|a urn:nbn:sk:snk-amjzig
|
| 035 |
|
|
|a urn:nbn:sk:snk-am007yc6
|
| 040 |
|
|
|a SNK
|b slo
|c SNK
|e AACR2
|
| 041 |
0 |
|
|a slo
|
| 044 |
|
|
|a xo
|c SK
|
| 080 |
|
|
|a 830.26(437.6)(084.1)
|2 1981
|
| 100 |
1 |
|
|a Budinský-Krička, Vojtech,
|d 1903-1993
|4 aut
|9 256521
|
| 245 |
1 |
0 |
|a Zpráva o predbežnom archeologickom prieskume v Liptove roku 1963
|c Vojtech Budinský-Krička
|
| 260 |
|
|
|a Nitra
|b [Archeologický ústav SAV]
|c 1965
|
| 300 |
|
|
|a S. 177-188
|c 4°
|
| 500 |
|
|
|a Separátny odtlačok z: Študijné zvesti Archeologického ústavu SAV - 15
|
| 650 |
0 |
7 |
|a archeologické výskumy
|2 SNKPH
|9 74796
|
| 651 |
|
7 |
|a Liptov (Slovensko : región)
|2 SNKPH
|9 151081
|
| 655 |
|
7 |
|a separáty
|2 SNKPH
|9 70334
|
| 655 |
|
7 |
|a štúdie
|2 SNKPH
|9 57033
|
| 852 |
|
|
|a Slovenská národná knižnica
|
| 958 |
|
|
|a EUIPO
|
| 958 |
|
|
|a OND
|
| 999 |
|
|
|c 583151
|d 585081
|
| 952 |
|
|
|a SNK
|b SNK
|y PREZ
|7 0
|p 17A0998640
|o snkSB 30531
|i snkD 270/81
|8 1
|0 0
|1 0
|4 0
|d 2014-10-29
|f 1
|l 0
|r 2025-04-04 00:00:00
|w 2026-02-23
|